Early UFC Legends - Statistics

General Stats
  • This quiz has been taken 70 times
  • The average score is 6 of 15
Answer Stats
Hint Answer % Correct
Tournament winner of UFC 1, 2, and 4. Royce Gracie
94%
Won first Superfight Champion at UFC 6. Brother of below. Ken Shamrock
76%
First light-heavyweight champion. Brother of above. Frank Shamrock
74%
The first UFC heavyweight champion. Mark Coleman
74%
UFC 12 winner. Later became the light-heavyweight champion in 2004. Commentators called him "Victor." Vitor Belfort
63%
Won UFC 8 and Ultimate Ultimate 96. Nicknamed "The Predator." Don Frye
61%
First world-class wrestler to fight in the UFC; UFC 5 winner. Dan Severn
42%
Lost three times in the UFC before becoming a star in PRIDE FC. Wanderlei Silva
39%
UFC 14 and 15 winner; The Rock plays him in an upcoming film. Mark Kerr
29%
Fan favorite who challenged for the heavyweight belt in 1997. David "Tank" Abbott
27%
Pro boxer who fought at UFC 1 with one boxing glove. Art Jimmerson
16%
Won UFC 13 by submitting Tito Ortiz. Later lost to Ortiz at UFC 19, who promptly displayed a crude shirt. Guy Mezger
8%
Mark Coleman won UFC 12 by default when this man couldn't fight after winning 2 bouts earlier that night. Scott Ferrozzo
3%
Winner of the first "lightweight" tournament at UFC 12. Jerry Bohlander
2%
Fought at UFC 12 despite missing one pectoralis muscle. Tracy "Tra" Telligman
2%
No matching quizzes found
Score Distribution
Percent of People with Each Score
Percentile by Number Answered
Your Score History
You have not taken this quiz